Fire in the northern environment--a symposium ; proceedings /

Bibliographic Details
Corporate Authors: Symposium on Fire in the Northern Environment University of Alaska, Alaska Forest Fire Council, Society of American Foresters. Alaska Section
Other Authors: Slaughter, Charles W., Barney, Richard J., Hansen, George M.
Format: Government Document Conference Proceeding Book
Language:English
Published: Portland, Or. : Pacific Northwest Forest and Range Experiment Station, 1971.
Subjects:

MARC

Tag First Indicator Second Indicator Subfields
LEADER 00000cam a2200000 4500
001 in00000131925
005 20151002060321.0
008 720413s1971 orua b f10000 eng
010 |a  76616372  
035 |a (OCoLC)00320642 
035 |9 AAP7987AM 
040 |a DLC  |c DLC  |d TXA  |d UtOrBLW 
043 |a n-us-ak 
049 |a TXAM  |c [1231784] 
050 0 0 |a SD421  |b .S97 1971 
082 0 |a 634.9/6/1809798 
086 0 |a A 13.66/2:F 51/4  
111 2 |a Symposium on Fire in the Northern Environment  |d (1971 :  |c University of Alaska) 
245 1 0 |a Fire in the northern environment--a symposium ;  |b proceedings /  |c Edited by C. W. Slaughter, Richard J. Barney [and] G. M. Hansen. 
264 1 |a Portland, Or. :  |b Pacific Northwest Forest and Range Experiment Station,  |c 1971. 
300 |a iv, 275 pages :  |b illustrations ;  |c 27 cm. 
336 |a text  |b txt  |2 rdacontent 
337 |a unmediated  |b n  |2 rdamedia 
338 |a volume  |b nc  |2 rdacarrier 
500 |a "Sponsored by Alaska Forest Fire Council and Alaska Section, Society of American Foresters." 
504 |a Includes bibliographies. 
650 0 |a Forest fires  |z Alaska  |x Congresses. 
650 0 |a Fire ecology  |z Alaska  |x Congresses. 
650 0 |a Forest fires  |x Prevention and control  |x Congresses. 
700 1 |a Slaughter, Charles W. 
700 1 |a Barney, Richard J. 
700 1 |a Hansen, George M. 
710 2 |a Alaska Forest Fire Council. 
710 2 |a Society of American Foresters.  |b Alaska Section. 
999 |a MARS 
999 f f |s d58a60c4-9c95-31d4-9c84-9ace4c753d44  |i 77603952-0438-392e-8437-ad66dbde8ee3  |t 0 
952 f f |p ric  |a Texas A&M University  |b Rellis Campus  |c Joint Library Facility  |d Remote Storage  |t 0  |e SD421 .S97 1971  |h Library of Congress classification  |i unmediated -- volume  |m A14805227222 
952 f f |p normal  |a Texas A&M University  |b College Station  |c Sterling C. Evans Library  |d Evans: US Documents (Annex 5th floor)  |t 0  |e A 13.66/2: F 51/4  |h Superintendent of Documents classification  |i unmediated -- volume  |m A14817471439 
998 f f |a SD421 .S97 1971  |t 0  |l Remote Storage 
998 f f |a A 13.66/2: F 51/4  |t 0  |l Evans: US Documents (Annex 5th floor)